[Event "Belgrade GMA op"]
[Site "Belgrade"]
[Date "1988.??.??"]
[Round "?"]
[White "Atanasijadis, Antimos"]
[Black "Andrijevic, Milan"]
[Result "1/2-1/2"]
[WhiteElo "2260"]
[BlackElo "2395"]
[PlyCount "25"]
[EventDate "1988.12.??"]
[EventType "swiss"]
[EventRounds "9"]
[EventCountry "YUG"]
[SourceTitle "TD"]
[Source "ChessBase"]
[SourceDate "1994.03.01"]
[SourceVersion "1"]
[SourceVersionDate "1994.03.01"]
[SourceQuality "1"]

1. d4 d5 2. Nf3 e6 3. c4 Nf6 4. Nc3 c5 5. cxd5 Nxd5 6. e4 Nxc3 7. bxc3 cxd4 8. cxd4 Bb4+ 9. Bd2 Bxd2+ 10. Qxd2 Nc6 11. Bc4 0-0 12. 0-0 Qd6 13. Rad1 1/2-1/2

[Event "Belgrade GMA op"]
[Site "Belgrade"]
[Date "1988.??.??"]
[Round "?"]
[White "Atanasijadis, Antimos"]
[Black "Indjic, Dusan"]
[Result "0-1"]
[WhiteElo "2260"]
[BlackElo "2370"]
[PlyCount "64"]
[EventDate "1988.12.??"]
[EventType "swiss"]
[EventRounds "9"]
[EventCountry "YUG"]
[SourceTitle "TD"]
[Source "ChessBase"]
[SourceDate "1994.03.01"]
[SourceVersion "1"]
[SourceVersionDate "1994.03.01"]
[SourceQuality "1"]

1. d4 Nf6 2. Nf3 g6 3. Bg5 Bg7 4. e3 0-0 5. c4 c5 6. Nc3 Nc6 7. d5 Na5 8. Be2 d6 9. Nd2 h6 10. Bh4 b6 11. 0-0 e5 12. Qc2 Bd7 13. a3 Qe8 14. b4 Nb7 15. Rae1 Nh7 16. e4 f5 17. f3 f4 18. Nb3 h5 19. Bf2 g5 20. bxc5 bxc5 21. Nb5 Qg6 22. Kh1 Rf7 23. Rb1 g4 24. Qd2 Bf8 25. Nc7 Rc8 26. Ne6 g3 27. Bg1 Nd8 28. Nxd8 Rxd8 29. Na5 Rg7 30. Bd3 h4 31. Rb2 h3 32. hxg3 fxg3 0-1

[Event "Belgrade GMA op"]
[Site "Belgrade"]
[Date "1988.??.??"]
[Round "?"]
[White "Atanasijadis, Antimos"]
[Black "Vucic, Mladen"]
[Result "0-1"]
[WhiteElo "2260"]
[BlackElo "2400"]
[PlyCount "40"]
[EventDate "1988.12.??"]
[EventType "swiss"]
[EventRounds "9"]
[EventCountry "YUG"]
[SourceTitle "TD"]
[Source "ChessBase"]
[SourceDate "1994.03.01"]
[SourceVersion "1"]
[SourceVersionDate "1994.03.01"]
[SourceQuality "1"]

1. d4 Nf6 2. Nf3 e6 3. c4 c5 4. d5 b5 5. Bg5 Qa5+ 6. Qd2 Qxd2+ 7. Nbxd2 d6 8. Bxf6 gxf6 9. dxe6 fxe6 10. cxb5 f5 11. e3 a6 12. bxa6 Bxa6 13. Bxa6 Rxa6 14. Ke2 Bg7 15. Nc4 d5 16. Nce5 Nd7 17. Nxd7 Kxd7 18. a4 Rb8 19. Ra2 Rb4 20. a5 Rb5 0-1

[Event "Belgrade GMA op"]
[Site "Belgrade"]
[Date "1988.??.??"]
[Round "?"]
[White "Lautier, Joel"]
[Black "Atanasijadis, Antimos"]
[Result "0-1"]
[WhiteElo "2365"]
[BlackElo "2260"]
[PlyCount "120"]
[EventDate "1988.12.??"]
[EventType "swiss"]
[EventRounds "9"]
[EventCountry "YUG"]
[SourceTitle "TD"]
[Source "ChessBase"]
[SourceDate "1994.03.01"]
[SourceVersion "1"]
[SourceVersionDate "1994.03.01"]
[SourceQuality "1"]

1. d4 d5 2. c4 e6 3. Nc3 c6 4. Nf3 dxc4 5. a4 Bb4 6. e3 b5 7. Bd2 Bb7 8. b3 a5 9. bxc4 bxc4 10. Bxc4 Nf6 11. 0-0 0-0 12. Qe2 c5 13. Rfd1 Nbd7 14. Nb5 Qe7 15. Rac1 Rfd8 16. Bd3 Rac8 17. e4 cxd4 18. Rxc8 Rxc8 19. Nfxd4 Ne5 20. Bb1 Bxd2 21. Qxd2 Nc4 22. Qe2 Qc5 23. Rc1 Qb4 24. Bd3 Nb6 25. Rxc8+ Nxc8 26. e5 Nd5 27. Qd1 Nf4 28. Bf1 Nd5 29. Nf3 Ncb6 30. Nd6 Nxa4 31. Bb5 Ndc3 32. Qd3 Nc5 33. Qe3 Bd5 34. Bf1 h6 35. Nd4 N3e4 36. f3 Qc3 37. Qxc3 Nxc3 38. Bb5 N3a4 39. Be8 f6 40. exf6 gxf6 41. Nc6 Bxc6 42. Bxc6 Nb2 43. Nb5 Nc4 44. Nc3 Nb6 45. Kf2 Kf7 46. Ke3 e5 47. Ne4 Nxe4 48. Bxe4 Ke6 49. g3 Nc4+ 50. Kd3 Nd6 51. Bc6 f5 52. Kc3 Nc8 53. Kc4 Kd6 54. Be8 Nb6+ 55. Kb5 Nd5 56. Bg6 e4 57. fxe4 fxe4 58. Kc4 Ke5 59. h4 Ne3+ 60. Kc3 Nf5 0-1

[Event "Belgrade GMA op"]
[Site "Belgrade"]
[Date "1988.??.??"]
[Round "?"]
[White "Miladinovic, Igor"]
[Black "Atanasijadis, Antimos"]
[Result "1/2-1/2"]
[WhiteElo "2380"]
[BlackElo "2260"]
[PlyCount "56"]
[EventDate "1988.12.??"]
[EventType "swiss"]
[EventRounds "9"]
[EventCountry "YUG"]
[SourceTitle "TD"]
[Source "ChessBase"]
[SourceDate "1994.03.01"]
[SourceVersion "1"]
[SourceVersionDate "1994.03.01"]
[SourceQuality "1"]

1. d4 d5 2. c4 e6 3. Nc3 c6 4. cxd5 exd5 5. Nf3 Nf6 6. Bg5 Be7 7. e3 0-0 8. Qc2 Nbd7 9. Bd3 Re8 10. 0-0 Nf8 11. Rab1 Ne4 12. Bf4 f5 13. b4 a6 14. a4 Ng6 15. Bg3 Bf6 16. b5 axb5 17. axb5 h5 18. bxc6 bxc6 19. Na4 h4 20. Qxc6 Rxa4 21. Bc7 Qd7 22. Bb5 Qxc6 23. Bxc6 Re7 24. Bd8 Raa7 25. Rb8 Nd6 26. Bxd5+ Kh7 27. Bxe7 Nxe7 28. Ra8 Rc7 1/2-1/2